Country Shapes in the Map of Asia #2 - Statistics

General Stats
  • This quiz has been taken 6,921 times
    6,919 since last reset
  • The average score is 10 of 10
Answers on the Map
Answers color-coded by a green-red scale on the quiz's map according to % correct below.
 
Answer Stats
Country % Correct
China
100%
South Korea
99%
Philippines
98%
Yemen
98%
Iraq
97%
Bangladesh
96%
Cambodia
96%
Malaysia
96%
United Arab Emirates
96%
Uzbekistan
94%
No matching quizzes found
Score Distribution
Percent of People with Each Score
Percentile by Number Answered
Your Score History
You have not taken this quiz since the last reset